Párhuzamos programozás-rendezési algoritmusok

Elmentve itt :
Bibliográfiai részletek
Szerző: Karpe Catrin
További közreműködők: Galambos Gábor (Témavezető)
Dokumentumtípus: Szakdolgozat
Megjelent: 1987
Tárgyszavak:
Online Access:http://diploma.bibl.u-szeged.hu/560
LEADER 00533nta a2200157 i 4500
001 dipl560
005 20120326132532.0
008 101215s1987 hu om 0|| hun d
040 |a SZTE Diploma Repozitórium  |b hun 
041 |a hun 
100 1 |a Karpe Catrin 
245 1 0 |a Párhuzamos programozás-rendezési algoritmusok  |h [elektronikus dokumentum] /  |c Catrin Karpe 
260 |c 1987 
650 4 |a Informatika 
700 1 |a Galambos Gábor  |e ths 
856 4 0 |u http://diploma.bibl.u-szeged.hu/id/eprint/560/1/1987_karpe_catrin_87_14.pdf  |z Dokumentum-elérés